| 000 | 00920nam a2200241Ia 4500 | ||
|---|---|---|---|
| 003 | OSt | ||
| 005 | 20221005113353.0 | ||
| 006 | a|||||r|||| 00| 0 | ||
| 007 | ta | ||
| 008 | 221004b |||||||| |||| 00| 0 pan d | ||
| 020 |
_a293024724X (hbk) _c300 |
||
| 024 | _a106469 | ||
| 037 |
_b7830/I, 31/01/2011, Arsee Publishers _cTextual |
||
| 040 |
_aCRL _cCRL _bpan |
||
| 041 |
_2pan _apan |
||
| 082 | _aY73(Q8441).P1(RR), 153P8.1-.5(RR) | ||
| 100 | _aਦਿਲਗੀਰ, ਹਰਜਿੰਦਰ ਸਿੰਘ | ||
| 245 | 0 | _aਸਿੱਖ ਤਵਾਰੀ॥ | |
| 260 |
_aਬੇਲਜਿਅਮ _bਸਿੱਖ ਯੂਨੀਵਰਸਿਟੀ ਪ੍ਰੈਸ _c2008 |
||
| 490 | _vਭਾਗ ਪਹਿਲਾ | ||
| 942 |
_hY73(Q8441).P1(RR), 153P8.1-.5(RR) _cTEXL _2cc |
||
| 999 |
_c1027946 _d1027946 |
||